| 000 | 00510nam a22001937a 4500 | ||
|---|---|---|---|
| 003 | koha_MIRAKIL | ||
| 005 | 20231213100301.0 | ||
| 008 | 231213b |||||||| |||| 00| 0 ||| d | ||
| 020 | _b978-1-45212891-7 | ||
| 040 |
_aTR-IsEVY _btur _cTR-IsEVY |
||
| 082 | _a420 IDL/F | ||
| 100 | _aIdle, Molly Schaar, | ||
| 245 | 0 | _aFlora and the penguin | |
| 260 |
_bChronicle Books, _c2014 |
||
| 300 | _a36 unnumbered pages | ||
| 650 | _aConduct of life | ||
| 650 | _aConduct of life -- Fiction. | ||
| 942 |
_2ddc _cBK |
||
| 999 |
_c17477 _d17477 |
||